[Event "Olympiad"]
[Site "Bled SLO"]
[Date "2002.10.26"]
[EventDate "2002.10.26"]
[Round "1"]
[Result "1/2-1/2"]
[White "Mohamad Al-Modiahki"]
[Black "Sergei Tiviakov"]
[WhiteElo "2550"]
[BlackElo "2631"]
[PlyCount "63"]

1. e4 c5 2. Nf3 d6 3. d4 cxd4 4. Nxd4 Nf6 5. Nc3 g6 6. g3 Nc6
7. Nde2 Bg7 8. Bg2 Rb8 9. O-O O-O 10. a4 a6 11. Nd5 b5
12. axb5 axb5 13. Bg5 Nd7 14. Qc1 Re8 15. Rd1 Nc5 16. h3 b4
17. Be3 Bd7 18. Nd4 Qc8 19. Nxc6 Bxc6 20. Bd4 Bxd5 21. exd5
Qf5 22. g4 Qd7 23. Bxg7 Kxg7 24. b3 Ra8 25. Rd4 Qb7 26. Rxa8
Rxa8 27. Qf4 Rb8 28. g5 Qb6 29. Qh4 Kg8 30. Rc4 Qa5 31. Qd4
Qa3 32. Qe3 1/2-1/2

[Event "Olympiad"]
[Site "Bled SLO"]
[Date "2002.10.26"]
[EventDate "2002.10.26"]
[Round "1"]
[Result "1/2-1/2"]
[White "Alexander (Nenashev) Graf"]
[Black "Oscar de la Riva Aguado"]
[WhiteElo "2635"]
[BlackElo "2515"]
[PlyCount "212"]

1. d4 g6 2. e4 Bg7 3. Nc3 c6 4. h3 d5 5. Nf3 Nh6 6. Bf4 f6
7. Bd3 O-O 8. Qe2 Nf7 9. e5 fxe5 10. dxe5 Na6 11. Bxa6 bxa6
12. O-O e6 13. Na4 Qa5 14. b3 c5 15. Qe1 Qb5 16. Qc3 Nd6
17. Qxc5 Rxf4 18. exd6 Bxa1 19. Rxa1 Bd7 20. Qxb5 axb5 21. Nc5
Rxf3 22. gxf3 Rd8 23. Kg2 Kf7 24. Kg3 Kf6 25. f4 Be8 26. Rd1
Kf5 27. b4 Rxd6 28. Rd3 Rc6 29. Ra3 Rc7 30. Ra6 Bc6 31. Nd3 d4
32. Ra5 Kf6 33. f3 h6 34. h4 Be8 35. Nc5 Bc6 36. Nb3 e5 37. a4
exf4+ 38. Kxf4 g5+ 39. hxg5+ hxg5+ 40. Kg3 bxa4 41. Nxd4 Bd7
42. b5 Rc4 43. c3 Rxc3 44. Rxa7 Bc8 45. Rxa4 g4 46. Kf4 gxf3
47. Nxf3 Bb7 48. Nd4 Rc1 49. Ra7 Rf1+ 50. Ke3 Bd5 51. Rh7 Ke5
52. Rh5+ Kd6 53. Kd2 Rh1 54. Rg5 Kc5 55. Nc2 Kxb5 56. Rxd5+
Kc6 57. Nb4+ Kc7 58. Kc3 Rh4 59. Kb3 Kb6 60. Kc3 Kc7 61. Rd3
Kb6 62. Rd6+ Kc5 63. Rd5+ Kb6 64. Rg5 Rh3+ 65. Nd3 Kc6 66. Kd4
Rh4+ 67. Ke5 Rh3 68. Nf2 Rh8 69. Ne4 Rd8 70. Rg6+ Kb5 71. Nd6+
Kb4 72. Rg1 Rh8 73. Rc1 Rh4 74. Kd5 Rh8 75. Kd4 Kb3 76. Nf5
Rd8+ 77. Ke4 Kb4 78. Nd4 Rh8 79. Nc6+ Kb3 80. Nd4+ Kb4 81. Nf5
Rd8 82. Ne3 Kb5 83. Ke5 Rh8 84. Nc4 Kb4 85. Nd6 Kb3 86. Kd4
Rd8 87. Rc6 Rh8 88. Rb6+ Kc2 89. Ne4 Rd8+ 90. Ke3 Rd3+ 91. Ke2
Rd8 92. Rb7 Rh8 93. Ke3 Rd8 94. Rc7+ Kb3 95. Nc5+ Kb4 96. Nd7
Rh8 97. Ne5 Rh3+ 98. Kd4 Rh4+ 99. Kd5 Rh8 100. Rc4+ Kb3
101. Rc5 Rd8+ 102. Ke4 Rh8 103. Nf3 Kb4 104. Rc1 Re8+ 105. Kd3
Rh8 106. Rc4+ Kb5 1/2-1/2

[Event "Olympiad"]
[Site "Bled SLO"]
[Date "2002.10.26"]
[EventDate "2002.10.26"]
[Round "1"]
[Result "1-0"]
[White "Ashot Anastasian"]
[Black "Alexis Montes De Oca"]
[WhiteElo "2555"]
[BlackElo "2283"]
[PlyCount "97"]

1. d4 d5 2. c4 dxc4 3. Nc3 e5 4. d5 Nf6 5. Bg5 Nbd7 6. e4 Bb4
7. Bxc4 O-O 8. Nge2 h6 9. Bxf6 Nxf6 10. O-O Nh5 11. a3 Bd6
12. Nb5 a6 13. Nxd6 cxd6 14. a4 Bd7 15. a5 b5 16. Bd3 Qg5
17. Qb3 Rac8 18. Rfc1 Bh3 19. g3 Nf4 20. Nxf4 exf4 21. Rc3
Rxc3 22. bxc3 Rc8 23. Re1 fxg3 24. hxg3 Qd2 25. Rd1 Qxc3
26. Qxc3 Rxc3 27. f4 Bg4 28. Rd2 b4 29. Kf2 b3 30. Ke3 Rc5
31. Bxa6 Rxa5 32. Bc4 Ra3 33. Kd4 Ra2 34. Rd3 Ra3 35. Bxb3 Kf8
36. e5 Ke7 37. Rc3 Bd7 38. Kc4 Ra7 39. Re3 g6 40. Re1 Ba4
41. Re3 Rc7+ 42. Kd4 Bb5 43. Re1 Rb7 44. Ra1 Bd7 45. Bc4 g5
46. Ra6 gxf4 47. gxf4 dxe5+ 48. fxe5 Bb5 49. d6+ 1-0

[Event "Olympiad"]
[Site "Bled SLO"]
[Date "2002.10.26"]
[EventDate "2002.10.26"]
[Round "1"]
[Result "1-0"]
[White "Dusko Pavasovic"]
[Black "Mejdi Kaabi"]
[WhiteElo "2581"]
[BlackElo "2383"]
[PlyCount "87"]

1. e4 e5 2. Nf3 Nc6 3. d4 exd4 4. Nxd4 Bb4+ 5. c3 Be7 6. Bc4
Nf6 7. Nxc6 bxc6 8. e5 Nd5 9. Bxd5 cxd5 10. Qxd5 Rb8 11. O-O
Rb6 12. Nd2 Bb7 13. Qd4 Rg6 14. f3 c5 15. Qd3 O-O 16. Nc4 d5
17. exd6 Bxd6 18. Nxd6 Rxd6 19. Qc2 Re8 20. Bf4 Rde6 21. Rad1
Qf6 22. Bg3 h5 23. Rfe1 h4 24. Rxe6 Rxe6 25. Bc7 Re8 26. h3
Qg5 27. Qd2 Qg6 28. Qf4 Qc2 29. Rd7 Qg6 30. Kh2 Qe6 31. Rd2
Qa6 32. Qxh4 Qc6 33. Qf4 Rc8 34. Qg5 Qh6 35. Qxh6 gxh6 36. Bf4
Rc6 37. Be3 a6 38. h4 Kg7 39. h5 a5 40. Rd7 Rb6 41. Rd2 Rc6
42. Kg3 a4 43. Rd8 Bc8 44. Rd3 1-0

[Event "Olympiad"]
[Site "Bled SLO"]
[Date "2002.10.26"]
[EventDate "2002.10.26"]
[Round "1"]
[Result "1/2-1/2"]
[White "Amon Simutowe"]
[Black "Suat Atalik"]
[WhiteElo "2383"]
[BlackElo "2575"]
[PlyCount "50"]

1. d4 Nf6 2. c4 e6 3. Nc3 Bb4 4. e3 O-O 5. Nge2 d5 6. cxd5
Nxd5 7. Bd2 Nd7 8. Nxd5 Bxd2+ 9. Qxd2 exd5 10. Nc3 Nb6 11. Be2
Qg5 12. O-O Bh3 13. Bf3 Nc4 14. Qe2 c6 15. Kh1 Bf5 16. Rfe1
Rfe8 17. Rad1 Rad8 18. g3 Bh3 19. Na4 f5 20. Nc5 Re7 21. Nd3
Bg4 22. Kg2 Rde8 23. h4 Bxf3+ 24. Qxf3 Qf6 25. b3 Nd6 1/2-1/2

[Event "Olympiad"]
[Site "Bled SLO"]
[Date "2002.10.26"]
[EventDate "2002.10.26"]
[Round "1"]
[Result "1/2-1/2"]
[White "Miguel Illescas Cordoba"]
[Black "G Thibaut"]
[WhiteElo "2585"]
[BlackElo "2360"]
[PlyCount "60"]

1. Nf3 Nf6 2. c4 e6 3. Nc3 b6 4. e4 Bb7 5. Bd3 d6 6. Bc2 Nbd7
7. d4 c5 8. d5 e5 9. O-O Be7 10. Ne1 O-O 11. Nd3 Ne8 12. Ba4
Bc8 13. f4 exf4 14. Bxf4 Bg5 15. Bxg5 Qxg5 16. Bc6 Rb8 17. Qa4
Ne5 18. Nxe5 dxe5 19. Bxe8 Bh3 20. Rf2 Rbxe8 21. Kh1 Bg4
22. Qxa7 f5 23. Qxb6 f4 24. Qxc5 Rf6 25. Raf1 Qh5 26. Rf3 Rc8
27. Qb5 g5 28. d6 Rh6 29. Qd5+ Kf8 30. h3 Bxf3 1/2-1/2

[Event "Olympiad"]
[Site "Bled SLO"]
[Date "2002.10.26"]
[EventDate "2002.10.26"]
[Round "1"]
[Result "0-1"]
[White "Richard Dineley"]
[Black "Abhijit Kunte"]
[WhiteElo "2284"]
[BlackElo "2493"]
[PlyCount "80"]

1. e4 c5 2. Nf3 e6 3. d4 cxd4 4. Nxd4 Nf6 5. Nc3 d6 6. Be2 Be7
7. O-O a6 8. f4 Qc7 9. Be3 O-O 10. g4 d5 11. e5 Ne4 12. Nxe4
dxe4 13. c3 b6 14. Qe1 Nd7 15. Qg3 Re8 16. Rad1 Bf8 17. g5 Nc5
18. h4 Bb7 19. h5 Nd3 20. Rd2 b5 21. a3 Rad8 22. g6 fxg6
23. hxg6 h6 24. Bg4 Bd5 25. Qh3 Qe7 26. Rg2 Rd7 27. f5 Nxe5
28. fxe6 Nf3+ 29. Nxf3 exf3 30. Rd2 Rdd8 31. Rfd1 Be4 32. Rxd8
Rxd8 33. Rxd8 Qxd8 34. Bxf3 Bxg6 35. Qg2 Qd3 36. Bf4 Kh7
37. Bd5 Qd1+ 38. Kh2 Qh5+ 39. Kg3 Bf5 40. Kf2 Qd1 0-1

[Event "Olympiad"]
[Site "Bled SLO"]
[Date "2002.10.26"]
[EventDate "2002.10.26"]
[Round "1"]
[Result "0-1"]
[White "Boonsueb Saeheng"]
[Black "Joseph G Gallagher"]
[WhiteElo "2306"]
[BlackElo "2540"]
[PlyCount "88"]

1. d4 Nf6 2. Nf3 g6 3. c4 Bg7 4. Nc3 O-O 5. e4 d6 6. Be2 Na6
7. O-O e5 8. dxe5 dxe5 9. Qxd8 Rxd8 10. Be3 c6 11. Rfd1 Re8
12. h3 Bf8 13. Bg5 Kg7 14. Bf1 Bb4 15. Bd2 Bf8 16. Re1 Nd7
17. Rad1 f6 18. Bc1 Ndc5 19. Be3 Be6 20. Rd2 Be7 21. Red1 Bf7
22. Re1 g5 23. Nh2 Ne6 24. Rdd1 Bb4 25. Rc1 Red8 26. a3 Be7
27. Rcd1 Nd4 28. Bxd4 exd4 29. Ne2 c5 30. Ng3 Bg6 31. Nf3 Nc7
32. e5 f5 33. Bd3 Rf8 34. e6 Kf6 35. Ne5 Bd6 36. Nd7+ Ke7
37. Nxf8 Rxf8 38. Ne2 Nxe6 39. b4 Kf6 40. bxc5 Bxc5 41. g4
fxg4 42. hxg4 Bf7 43. Bxh7 Rd8 44. Ng3 Bxa3 0-1

[Event "Olympiad"]
[Site "Bled SLO"]
[Date "2002.10.26"]
[EventDate "2002.10.26"]
[Round "1"]
[Result "0-1"]
[White "Everaldo Matsuura"]
[Black "Serge Brittner"]
[WhiteElo "2453"]
[BlackElo "2182"]
[PlyCount "86"]

1. e4 e6 2. d4 d5 3. Nc3 Bb4 4. e5 c5 5. a3 Bxc3+ 6. bxc3 Ne7
7. h4 Qc7 8. Nf3 b6 9. h5 h6 10. Bb5+ Bd7 11. Bd3 Ba4 12. O-O
Nbc6 13. Rb1 c4 14. Be2 g6 15. Nh2 O-O-O 16. Ng4 Ng8 17. Be3
gxh5 18. Nh2 f5 19. Bxh5 Rf8 20. g3 Qg7 21. Kh1 Nge7 22. Nf3
Ng6 23. Rg1 Qh7 24. Ne1 f4 25. Bxg6 Qxg6 26. Bxf4 Rhg8 27. Rg2
Rf5 28. Qe2 Ne7 29. Rc1 Be8 30. Be3 Rff8 31. Bd2 Nf5 32. Nf3
Qg4 33. Ng1 Qg7 34. g4 h5 35. g5 Bg6 36. f3 h4 37. Kh2 Ng3
38. Qe3 Bxc2 39. Nh3 Bd3 40. Nf4 Qxg5 41. Qf2 Rxf4 42. Rcg1
Qf5 43. Bxf4 Qxf4 0-1

[Event "Olympiad"]
[Site "Bled SLO"]
[Date "2002.10.26"]
[EventDate "2002.10.26"]
[Round "1"]
[Result "0-1"]
[White "Ramon Barrios"]
[Black "Branko Damljanovic"]
[WhiteElo "2268"]
[BlackElo "2550"]
[PlyCount "106"]

1. d4 Nf6 2. Nc3 d6 3. e4 e5 4. dxe5 dxe5 5. Qxd8+ Kxd8 6. Bg5
c6 7. Nf3 Nbd7 8. Bc4 Ke8 9. a3 Bd6 10. Rd1 Bc7 11. h3 h6
12. Be3 Ke7 13. O-O b5 14. Bb3 g5 15. Nh2 Bb6 16. Bxb6 axb6
17. Nf3 Ra7 18. Rd2 Rc7 19. Rfd1 Ne8 20. Ba2 f6 21. Ne1 Nc5
22. Nd3 Nxd3 23. Rxd3 Ng7 24. Ne2 h5 25. b4 h4 26. f3 Bd7
27. Kf2 Ra8 28. R1d2 Be8 29. Rc3 Rca7 30. Rdd3 Bd7 31. Ke1 Ne8
32. Kd2 Nd6 33. Kc1 Rc8 34. Kb2 Be6 35. Nc1 Bxa2 36. Kxa2 Nc4
37. Ne2 Ke6 38. Nc1 Rca8 39. Ne2 c5 40. bxc5 bxc5 41. Nc1 Ra4
42. Ne2 R4a6 43. Nc1 Rd6 44. Rxd6+ Kxd6 45. Ne2 Kc6 46. Nc1 b4
47. Rxc4 Rxa3+ 48. Kb2 Kb5 49. Rxc5+ Kxc5 50. Nb3+ Kc4
51. Nd2+ Kd4 52. Nb3+ Ke3 53. c4 Kf2 0-1

[Event "Olympiad"]
[Site "Bled SLO"]
[Date "2002.10.26"]
[EventDate "2002.10.26"]
[Round "1"]
[Result "1-0"]
[White "Ivan Ivanisevic"]
[Black "Guy Jose Bendana Guerrero"]
[WhiteElo "2537"]
[BlackElo "2198"]
[PlyCount "54"]

1. d4 Nf6 2. c4 e6 3. Nc3 Bb4 4. Qc2 O-O 5. e4 d5 6. e5 Ne4
7. Bd3 f5 8. cxd5 Qxd5 9. Nge2 Nxc3 10. bxc3 Be7 11. Nf4 Qd7
12. Bc4 Qc6 13. Qb3 Kh8 14. O-O a6 15. Nxe6 Bxe6 16. Bxe6 f4
17. Bd5 Qb6 18. Bxb7 Ra7 19. Be4 Nd7 20. Rb1 Qh6 21. Qd5 Nb6
22. Qc6 Qg5 23. c4 Qg4 24. c5 Nc8 25. Rb8 f3 26. Bxf3 Qxd4
27. Qe6 Qd8 1-0

[Event "Olympiad"]
[Site "Bled SLO"]
[Date "2002.10.26"]
[EventDate "2002.10.26"]
[Round "1"]
[Result "1-0"]
[White "Vasil Spasov"]
[Black "Pierre Kuntz"]
[WhiteElo "2591"]
[BlackElo "2200"]
[PlyCount "43"]

1. e4 d5 2. exd5 Nf6 3. d4 Nxd5 4. Nf3 g6 5. Be2 Bg7 6. O-O
O-O 7. c4 Nb6 8. Nc3 Nc6 9. d5 Na5 10. c5 Bxc3 11. bxc3 Nxd5
12. Qd4 Nf6 13. Qa4 b6 14. Bh6 Re8 15. Rad1 Bd7 16. Qf4 Qc8
17. Ng5 Be6 18. Bf3 Rb8 19. c6 Rd8 20. Rxd8+ Qxd8 21. Rd1 Qe8
22. Qd4 1-0

[Event "Olympiad"]
[Site "Bled SLO"]
[Date "2002.10.26"]
[EventDate "2002.10.26"]
[Round "1"]
[Result "0-1"]
[White "Nirosh De Silva"]
[Black "Vladimir Georgiev"]
[WhiteElo "2236"]
[BlackElo "2501"]
[PlyCount "72"]

1. e4 d6 2. d4 Nf6 3. Nc3 e5 4. dxe5 dxe5 5. Qxd8+ Kxd8 6. Bg5
Nbd7 7. O-O-O c6 8. f4 h6 9. Bh4 exf4 10. e5 g5 11. exf6 gxh4
12. Nf3 Kc7 13. Ne4 Nc5 14. Nxc5 Bxc5 15. Nxh4 Be6 16. Kb1
Rag8 17. Bd3 Rg4 18. g3 fxg3 19. hxg3 Rxg3 20. Bf5 Bxf5
21. Nxf5 Rg6 22. Rh5 Rxf6 23. Nxh6 Bd4 24. b3 Bc3 25. Rc5 Rd8
26. Rc1 Bd2 27. Ng4 Bxc1 28. Kxc1 Rf1+ 29. Kb2 Rf4 30. Ne3 Re4
31. Rc3 b5 32. a3 a5 33. Nf5 Rd2 34. Rf3 Ree2 35. Ne3 Rf2
36. Rh3 f5 0-1

[Event "Olympiad"]
[Site "Bled SLO"]
[Date "2002.10.26"]
[EventDate "2002.10.26"]
[Round "1"]
[Result "1-0"]
[White "Kaido Kulaots"]
[Black "Hon Kun Chang"]
[WhiteElo "2542"]
[BlackElo "2173"]
[PlyCount "45"]

1. e4 e5 2. Nf3 Nc6 3. Bb5 a6 4. Ba4 Nf6 5. O-O b5 6. Bb3 Be7
7. d4 Nxd4 8. Nxd4 exd4 9. e5 Ng8 10. Qf3 d5 11. Bxd5 Bg4
12. Bc6+ Kf8 13. Qxg4 h5 14. Qe4 Rb8 15. Nd2 Bc5 16. Nb3 Bb6
17. Rd1 Ne7 18. Bg5 Qc8 19. Nxd4 Qg4 20. Bxe7+ Kxe7 21. Nf5+
Kf8 22. Rd7 g6 23. e6 1-0

[Event "Olympiad"]
[Site "Bled SLO"]
[Date "2002.10.26"]
[EventDate "2002.10.26"]
[Round "1"]
[Result "0-1"]
[White "Tebogo Pitlagano"]
[Black "Rustem Sadykov"]
[WhiteElo "2033"]
[BlackElo "2400"]
[PlyCount "93"]

1. e4 c5 2. Nf3 d6 3. c3 Nf6 4. Be2 g6 5. O-O Bg7 6. d3 O-O
7. Nbd2 Nc6 8. h3 Rb8 9. d4 cxd4 10. cxd4 d5 11. e5 Ne4
12. Bb5 Qb6 13. Bxc6 bxc6 14. Re1 Nxd2 15. Qxd2 c5 16. b3 cxd4
17. Qxd4 Qa5 18. Bd2 Qa3 19. Qxd5 Bb7 20. Qa5 Qxa5 21. Bxa5
Bxf3 22. gxf3 Rfc8 23. f4 Rc2 24. Re4 Rb5 25. Ra4 g5 26. Rd1
h6 27. fxg5 hxg5 28. Rd8+ Kh7 29. Bd2 Rxe5 30. Rxa7 Re2
31. Be3 Re1+ 32. Kg2 Rxe3 33. Rd5 Kg6 34. Raa5 e5 35. Ra6+ f6
36. Rd1 Ree2 37. Rf1 Rxa2 38. Rxa2 Rxa2 39. Rb1 Ra5 40. Kf3
Kf5 41. Ke3 Ke6 42. Kd3 Kd5 43. Kc3 Bf8 44. Rd1+ Kc6 45. Rd8
Bd6 46. Rc8+ Kd7 47. Rg8 0-1

[Event "Olympiad"]
[Site "Bled SLO"]
[Date "2002.10.26"]
[EventDate "2002.10.26"]
[Round "1"]
[Result "1-0"]
[White "Paul Motwani"]
[Black "Marcel Mannhart"]
[WhiteElo "2525"]
[BlackElo "2183"]
[PlyCount "117"]

1. d4 g6 2. e4 Bg7 3. Nc3 c6 4. Be3 d5 5. Qd2 Nf6 6. e5 Ng4
7. Bf4 f6 8. exf6 Nxf6 9. Bd3 Nh5 10. Bg5 O-O 11. Nf3 Qd6
12. Qe3 Nf4 13. O-O e6 14. Ne5 Nxd3 15. Nxd3 Nd7 16. Rfe1 Nf6
17. h3 Bd7 18. g4 Rae8 19. Bf4 Qe7 20. Qg3 Bc8 21. Bd6 Qd8
22. Bxf8 Bxf8 23. Rad1 Bd6 24. Ne5 Rf8 25. Rd3 Nd7 26. Rf3
Nxe5 27. dxe5 Be7 28. Rxf8+ Qxf8 29. Ne2 b6 30. Qf4 Qd8
31. Nd4 Bd7 32. Nf3 c5 33. h4 Bc6 34. Ng5 Bxg5 35. Qxg5 Qxg5
36. hxg5 d4 37. Kh2 Bd5 38. b3 Kf7 39. Kg3 Ke7 40. f3 Kf7
41. Rh1 Kg7 42. a3 a5 43. b4 cxb4 44. axb4 a4 45. Rd1 a3
46. Rxd4 a2 47. Rd1 Kf7 48. b5 Ke7 49. Kf4 Bc4 50. Ra1 Kd7
51. Ke3 Kc7 52. Kd4 Bxb5 53. Rxa2 Bc6 54. Ra7+ Bb7 55. f4 Kb8
56. Rxb7+ Kxb7 57. f5 gxf5 58. gxf5 exf5 59. e6 1-0

[Event "Olympiad"]
[Site "Bled SLO"]
[Date "2002.10.26"]
[EventDate "2002.10.26"]
[Round "1"]
[Result "0-1"]
[White "Peter Rowe"]
[Black "Ehsan Ghaem Maghami"]
[WhiteElo "2085"]
[BlackElo "2511"]
[PlyCount "56"]

1. d4 Nf6 2. Bg5 c5 3. d5 e5 4. c4 d6 5. Nc3 Be7 6. Qc2 Nxd5
7. Nxd5 Bxg5 8. e3 Be6 9. Nc3 Nc6 10. Nf3 f5 11. Rd1 Be7
12. Be2 O-O 13. O-O Rc8 14. Rfe1 a6 15. Bf1 Qe8 16. a3 e4
17. Nd2 Ne5 18. b3 Qg6 19. Be2 h5 20. Kh1 b5 21. cxb5 d5
22. Nf1 d4 23. exd4 cxd4 24. Rxd4 Bc5 25. Qd1 Bxd4 26. Bxh5
Qf6 27. Qxd4 Nd3 28. Qxf6 Rxf6 0-1

[Event "Bled Olympiad"]
[Site "Bled SLO"]
[Date "2002.10.27"]
[EventDate "2002.10.26"]
[Round "2"]
[Result "1-0"]
[White "Andrei Istratescu"]
[Black "Antonio Fernandes"]
[WhiteElo "2615"]
[BlackElo "2482"]
[PlyCount "91"]

1. c4 e5 2. Nc3 Nc6 3. g3 g6 4. Bg2 Bg7 5. d3 d6 6. e4 Nd4
7. Nge2 c5 8. Nxd4 cxd4 9. Nd5 f6 10. Qa4+ Kf7 11. f4 Ne7
12. fxe5 dxe5 13. O-O Bg4 14. Rf2 Nxd5 15. exd5 Qd7 16. Qxd7+
Bxd7 17. b4 Rhc8 18. Bd2 Bf5 19. Rxf5 gxf5 20. Bh3 e4 21. Bxf5
e3 22. Bxc8 exd2 23. Bxb7 Rb8 24. Ba6 Rxb4 25. c5 Rb2 26. Bc4
Rc2 27. Rd1 Rc1 28. Bb3 Bf8 29. d6+ Ke8 30. Kg2 Rxc5 31. Rxd2
Bxd6 32. Bc4 Rc8 33. Kf3 Kf8 34. Ke4 Bc5 35. Kf5 Be7 36. Rb2
Rc7 37. Rb8+ Kg7 38. Rg8+ Kh6 39. Ke6 Rb7 40. g4 Bb4 41. Kxf6
Be7+ 42. Ke5 Rb2 43. h3 Rh2 44. a4 Rxh3 45. a5 Rf3 46. Ke4 1-0

[Event "Bled Olympiad"]
[Site "Bled SLO"]
[Date "2002.10.27"]
[EventDate "2002.10.26"]
[Round "2"]
[Result "0-1"]
[White "Stephen R Burns-Mannion"]
[Black "Anatoli Vaisser"]
[WhiteElo "2367"]
[BlackElo "2581"]
[PlyCount "48"]

1. e4 c5 2. Nf3 Nc6 3. d4 cxd4 4. Nxd4 Nf6 5. Nc3 e5 6. Ndb5
d6 7. Bg5 a6 8. Na3 b5 9. Bxf6 gxf6 10. Nd5 Bg7 11. Bd3 Ne7
12. Nxe7 Qxe7 13. O-O f5 14. exf5 Bb7 15. Re1 O-O 16. c3 b4
17. cxb4 d5 18. Qb3 e4 19. f3 exf3 20. gxf3 Qh4 21. Re2 Be5
22. Kh1 Kh8 23. Rf1 Rg8 24. Rd2 Qh3 0-1

[Event "Bled Olympiad"]
[Site "Bled SLO"]
[Date "2002.10.27"]
[EventDate "2002.10.26"]
[Round "2"]
[Result "1/2-1/2"]
[White "Eugenio Torre"]
[Black "Gregory Kaidanov"]
[WhiteElo "2523"]
[BlackElo "2646"]
[PlyCount "30"]

1. d4 d5 2. Bg5 h6 3. Bh4 c6 4. Nf3 Qb6 5. b3 Bf5 6. a3 e6
7. e3 Nd7 8. Nbd2 Be7 9. c4 Bxh4 10. Nxh4 Bh7 11. Be2 Ne7
12. Nhf3 O-O 13. O-O a5 14. Qc1 c5 15. Qb2 Rfc8 1/2-1/2

[Event "Bled Olympiad"]
[Site "Bled SLO"]
[Date "2002.10.27"]
[EventDate "2002.10.26"]
[Round "2"]
[Result "1/2-1/2"]
[White "Boris Gulko"]
[Black "Rogelio Antonio Jr"]
[WhiteElo "2594"]
[BlackElo "2507"]
[PlyCount "58"]

1. d4 Nf6 2. c4 e6 3. Nc3 Bb4 4. e3 O-O 5. Bd3 d5 6. a3 Bxc3+
7. bxc3 dxc4 8. Bxc4 c5 9. Nf3 Qc7 10. Ba2 Nc6 11. O-O b6
12. Re1 e5 13. e4 cxd4 14. cxd4 Bg4 15. d5 Nd4 16. Bb2 Nxf3+
17. gxf3 Bh5 18. Rc1 Qd6 19. Rc6 Qe7 20. Qd3 Nd7 21. Qe3 Qh4
22. Rc7 h6 23. Kg2 Rad8 24. d6 Qf6 25. Rd1 Kh8 26. Rxa7 Qg6+
27. Kh1 Qf6 28. Kg2 Qg6+ 29. Kh1 Qf6 1/2-1/2

[Event "Bled Olympiad"]
[Site "Bled SLO"]
[Date "2002.10.27"]
[EventDate "2002.10.26"]
[Round "2"]
[Result "1/2-1/2"]
[White "Jo Gonzalez"]
[Black "Ivan Ivanisevic"]
[WhiteElo "2019"]
[BlackElo "2537"]
[PlyCount "94"]

1. e4 c5 2. Nf3 Nc6 3. d4 cxd4 4. Nxd4 Qc7 5. Nc3 e6 6. Be3 a6
7. Qd2 Nxd4 8. Bxd4 b5 9. O-O-O Bb7 10. Qe3 Rc8 11. Bd3 Nf6
12. Kb1 Bc5 13. Bxc5 Qxc5 14. Qg3 Nh5 15. Qh4 Qe5 16. Ne2 Nf6
17. f3 b4 18. Qg3 Qxg3 19. hxg3 Ke7 20. g4 h6 21. c3 a5
22. Bb5 d5 23. exd5 Bxd5 24. cxb4 axb4 25. Nf4 Bc4 26. Bxc4
Rxc4 27. Nh5 g6 28. Nxf6 Kxf6 29. b3 Rc7 30. Rd4 Rb7 31. f4 h5
32. Rc4 Rb5 33. gxh5 Rhxh5 34. Rxh5 gxh5 35. a4 bxa3 36. Ka2
Kf5 37. Kxa3 Kg4 38. b4 Rd5 39. Ka4 Kg3 40. b5 Kxg2 41. b6 Rd8
42. Rc7 h4 43. Rxf7 h3 44. Rg7+ Kf3 45. Rh7 Kg2 46. Rg7+ Kf3
47. Rh7 Kg2 1/2-1/2

[Event "Bled Olympiad"]
[Site "Bled SLO"]
[Date "2002.10.27"]
[EventDate "2002.10.26"]
[Round "2"]
[Result "1/2-1/2"]
[White "Aleksandar Kovacevic"]
[Black "Rafael Emilio Espinosa Flores"]
[WhiteElo "2546"]
[BlackElo "2414"]
[PlyCount "60"]

1. e4 c5 2. Nf3 Nc6 3. d4 cxd4 4. Nxd4 Nf6 5. Nc3 e5 6. Ndb5
d6 7. Nd5 Nxd5 8. exd5 Nb8 9. c4 Be7 10. Bd3 a6 11. Nc3 O-O
12. O-O f5 13. f3 Nd7 14. Kh1 Bg5 15. b4 a5 16. a3 axb4
17. Bxg5 Qxg5 18. axb4 Rxa1 19. Qxa1 Qe3 20. Be2 b5 21. Qc1
Qxc1 22. Rxc1 bxc4 23. Nb5 Bb7 24. Nxd6 Bxd5 25. Bxc4 Bxc4
26. Rxc4 e4 27. fxe4 Ne5 28. Rd4 Nc6 29. Rd1 fxe4 30. Nxe4
Nxb4 1/2-1/2

[Event "Bled Olympiad"]
[Site "Bled SLO"]
[Date "2002.10.27"]
[EventDate "2002.10.26"]
[Round "2"]
[Result "1/2-1/2"]
[White "Grace D Nsubuga"]
[Black "Slim Belkhodja"]
[WhiteElo "2224"]
[BlackElo "2497"]
[PlyCount "81"]

1. e4 c5 2. Nf3 e6 3. d4 cxd4 4. Nxd4 Nc6 5. Nb5 d6 6. c4 Nf6
7. N1c3 a6 8. Nd4 Be7 9. Be2 O-O 10. O-O Bd7 11. Nc2 Rc8
12. f4 Na5 13. Ne3 b5 14. e5 Ne8 15. cxb5 axb5 16. Nxb5 dxe5
17. fxe5 Rc5 18. b4 Rxe5 19. bxa5 Bxb5 20. Qd4 Qd7 21. Qxd7
Bd8 22. Bxb5 Rxb5 23. Ba3 Bf6 24. Rab1 Rxa5 25. Bxf8 Kxf8
26. Rf2 Be5 27. Qd4 Bxd4 28. Rb3 Nf6 29. Rd2 e5 30. Kf1 g6
31. Rc2 Kg7 32. Nc4 Ra6 33. Rb7 g5 34. Rb5 Nd7 35. Rd5 Ra7
36. Nxe5 Bxe5 37. Rcd2 Nb6 38. Rxe5 Nc4 39. Rxg5+ Kf6 40. Rgd5
Ne3+ 41. Kf2 1/2-1/2

[Event "Bled Olympiad"]
[Site "Bled SLO"]
[Date "2002.10.27"]
[EventDate "2002.10.26"]
[Round "2"]
[Result "0-1"]
[White "Julian Estrada Nieto"]
[Black "Ljubomir Ljubojevic"]
[WhiteElo "2345"]
[BlackElo "2557"]
[PlyCount "74"]

1. e4 c5 2. Nf3 e6 3. c3 Nf6 4. e5 Nd5 5. Bc4 Nb6 6. Bb3 d6
7. exd6 Qxd6 8. d4 cxd4 9. cxd4 Bd7 10. Nc3 Bc6 11. O-O N8d7
12. Re1 Be7 13. Ng5 Nf6 14. a4 Nbd5 15. Nce4 Nxe4 16. Nxe4 Qb4
17. Bd2 Qxd4 18. Qg4 O-O 19. Bxd5 Qxd5 20. Bh6 Qe5 21. Bf4
Qxb2 22. Qg3 f6 23. Nd6 Bxd6 24. Bxd6 Rfe8 25. Rab1 Qa2
26. Rb4 e5 27. Reb1 a5 28. R4b2 Qxa4 29. h4 Rad8 30. Rd2 Qe4
31. Rbd1 Qg6 32. Qh3 h5 33. Rd3 Be4 34. R3d2 Kh7 35. f3 Bf5
36. Qh2 Rd7 37. Kf2 Red8 0-1

[Event "Bled Olympiad"]
[Site "Bled SLO"]
[Date "2002.10.27"]
[EventDate "2002.10.26"]
[Round "2"]
[Result "1/2-1/2"]
[White "Valery Grechihin"]
[Black "Boonsueb Saeheng"]
[WhiteElo "2543"]
[BlackElo "2306"]
[PlyCount "104"]

1. Nf3 Nf6 2. c4 c5 3. Nc3 Nc6 4. d4 cxd4 5. Nxd4 d6 6. e4 g6
7. Be2 Bg7 8. Be3 O-O 9. O-O a6 10. f3 Qa5 11. Qd2 Nxd4
12. Bxd4 Be6 13. Rfd1 Rfc8 14. b3 Rab8 15. a3 Qd8 16. Rac1 b5
17. Nd5 Bxd5 18. exd5 bxc4 19. Bxc4 Nd7 20. Bxg7 Kxg7 21. Qd4+
Nf6 22. Kf1 Qb6 23. Qxb6 Rxb6 24. b4 g5 25. Ba2 Rxc1 26. Rxc1
a5 27. Rc6 Rb8 28. bxa5 Rb2 29. Bc4 Rb1+ 30. Ke2 Ra1 31. a6
Rxa3 32. Rc7 Nh5 33. g3 Kf6 34. a7 Ke5 35. Bb5 Nf6 36. Rxe7+
Kxd5 37. Rc7 Ke6 38. Bc6 Nd5 39. Bxd5+ Kxd5 40. Rxf7 h6
41. Rh7 Kd4 42. Rxh6 Ra2+ 43. Kf1 d5 44. Rg6 Ke3 45. Rxg5 d4
46. Re5+ Kxf3 47. Ke1 Rxa7 48. Kd2 Ra2+ 49. Kd3 Rxh2 50. Kxd4
Kxg3 51. Ke4 Rh3 52. Rh5 Rxh5 1/2-1/2

[Event "Bled Olympiad"]
[Site "Bled SLO"]
[Date "2002.10.27"]
[EventDate "2002.10.26"]
[Round "2"]
[Result "1-0"]
[White "Bazar Khatanbaatar"]
[Black "Mahmoud Abdulaziz"]
[WhiteElo "2439"]
[BlackElo "2134"]
[PlyCount "103"]

1. e4 d6 2. d4 Nf6 3. Nc3 g6 4. Bg5 Bg7 5. Qd2 c6 6. f4 b5
7. Bd3 O-O 8. e5 b4 9. Nce2 Nd5 10. Nf3 f6 11. exf6 exf6
12. Bh4 Bg4 13. O-O Nd7 14. h3 Bxf3 15. Rxf3 Bh6 16. c4 bxc3
17. bxc3 Qa5 18. Qc2 Rae8 19. Bf2 f5 20. c4 N5f6 21. Ng3 d5
22. cxd5 cxd5 23. Bxf5 gxf5 24. Nxf5 Bg7 25. Rg3 Rf7 26. Nh6+
Kf8 27. Nxf7 Kxf7 28. Qf5 Kg8 29. Rb1 Qc7 30. Qg5 Re7 31. Re1
Rf7 32. Rf3 Qd6 33. Bh4 h6 34. Qg6 Nf8 35. Qd3 Ne4 36. f5 Nd7
37. Rd1 Qb6 38. Bg3 Bf6 39. Bf4 Rg7 40. Qb3 Bxd4+ 41. Kh2 Qc5
42. Rfd3 Nf2 43. Rxd4 Nxd1 44. Qxd1 Nf6 45. Be5 Qe7 46. Bxf6
Qxf6 47. Rxd5 Qb2 48. Qf1 Qxa2 49. Rd8+ Kh7 50. f6 Rg6
51. Rd7+ Kh8 52. f7 1-0

[Event "Bled Olympiad"]
[Site "Bled SLO"]
[Date "2002.10.27"]
[EventDate "2002.10.26"]
[Round "2"]
[Result "1/2-1/2"]
[White "Fadi Eid"]
[Black "Dashzeveg Sharavdorj"]
[WhiteElo "2392"]
[BlackElo "2418"]
[PlyCount "47"]

1. e4 e6 2. d4 d5 3. Nc3 Nf6 4. Bg5 dxe4 5. Nxe4 Be7 6. Bxf6
gxf6 7. g3 f5 8. Nc3 Bf6 9. Nge2 O-O 10. Bg2 Nc6 11. d5 Ne7
12. O-O exd5 13. Nxd5 Nxd5 14. Bxd5 c6 15. Bb3 Bxb2 16. Nf4
Qg5 17. Rb1 Be5 18. Nd3 Bc7 19. f4 Qf6 20. Re1 Bd7 21. Ne5
Bxe5 22. Qxd7 Bc3 23. Rf1 Be5 24. Rfe1 1/2-1/2